000 01285nam a2200253 a 4500
001 44996
003 BD-RjUL
005 20211209053939.0
008 160721s1951 ii ||||| |||| 00| j en d
035 _a(BD-RjUL)45114
040 _aBD-RjUL
_bben
_cBD-RjUL
041 _aben
082 _223
_a891.443
_bBAP 1951
100 1 _aবন্দ্যোপাধ্যায়, পাঁচকড়ি
_9137879
245 1 _aপাঁচকড়ি বন্দ্যোপাধ্যায়ের রচনাবলী /
_cপাঁচকড়ি বন্দ্যোপাধ্যায়; সম্পাদক ব্রজেন্দ্রনাথ বন্দ্যোপাধ্যায়, সজনীকান্ত দাস
260 _aকলকাতা :
_bবঙ্গীয়-সাহিত্য পরিষদ,
_c১৯৫১ [১৩৫৮]
300 _a খন্ড পৃ. ;
_c২২ সেমি.
505 0 _aখন্ড-২ --
650 _aবাংলা উপন্যাস
_9139026
650 _aBengali fiction
_9139027
700 _aবন্দ্যোপাধ্যায়, ব্রজেন্দ্রনাথ
_9137880
700 _aদাস, সজনীকান্ত
_9137881
942 _2ddc
_cBK
999 _c44996
_d44996